000 00708nam a2200241Ia 4500
003 OSt
005 20220925221744.0
006 a|||||r|||| 00| 0
007 ta
008 220923b |||||||| |||| 00| 0 eng d
020 _a0735710732
037 _cGeneral Book
040 _aRTL
_cRTL
_beng
041 _2eng
_aeng
082 _aD6,((B),2771:4, P1
100 _aZeldman Jeffrey
_9287059
245 0 _aTaking your talent to the web
_b Guide for the transitioning designer
260 _aLondon
_bNew Riders Publishing
_c2001
300 _a426p
_ccm.
650 _aWeb Design
_9287060
942 _hD6,((B),2771:4, P1
_cGB
_2CC
999 _c575278
_d575278